Atlantic Fury
Guardado en:
| Hovedforfatter: | |
|---|---|
| Format: | Bog |
| Sprog: | Undetermined |
| Udgivet: |
Great Britain
The Companion Book Club
1962
|
| Fag: | |
| Tags: |
Tilføj Tag
Ingen Tags, Vær først til at tagge denne postø!
|
MARC
| LEADER | 00000nam a2200000Ia 4500 | ||
|---|---|---|---|
| 008 | 170316s9999 xx 000 0 und d | ||
| 040 | |a cru BVZT | ||
| 090 | |a 820 I-1a | ||
| 100 | |a Innes, Hammond | ||
| 245 | |a Atlantic Fury | ||
| 260 | |a Great Britain | ||
| 260 | |b The Companion Book Club | ||
| 260 | |c 1962 | ||
| 300 | |a 271 páginas | ||
| 650 | |a LITERATURA INGLESA | ||
| 999 | |c 6959 |d 6959 | ||
| 942 | |c 15 D |h 820 I-1a |2 z | ||
